Langues officielles de l'Union Européenne - Mort subite - Statistiques

Statistiques générales
  • Ce quiz a été pris 391 fois
  • Le résultat moyen est 7 sur 15
Answers on the Grid
Answers color-coded by a green-red scale on the quiz's grid according to % correct below.
Grec
Français
Turc
Italien
Norvégien
Allemand
Maltais
Russe
Roumain
Lituanien
Bosnien
Yiddish
Portugais
Luxembourgeois
Irlandais
Groenlandais
Islandais
Néerlandais
Albanais
Biélorusse
Anglais
Hongrois
Monténégrin
Croate
Arménien
Romanche
Finnois
Letton
Tchétchène
Géorgien
 
Statistiques - réponses
Réponse % Correct
Français
96%
Italien
81%
Allemand
79%
Grec
74%
Portugais
55%
Anglais
43%
Roumain
41%
Néerlandais
30%
Lituanien
29%
Maltais
28%
Hongrois
25%
Croate
22%
Finnois
21%
Irlandais
17%
Letton
17%
Aucun quiz correspondant
Distribution des résultats
% des personnes avec chaque résultat
Percentile par nombre de réponses
Votre historique - résultats
Vous n’avez pas pris ce quiz